[Event "N4 Blagny / Tour du Roy"]
[Site "?"]
[Date "2016.01.24"]
[Round "2.2"]
[White "Salentiny, Eric"]
[Black "Louis, André"]
[Result "1-0"]
[WhiteElo "1956"]
[BlackElo "1663"]
[PlyCount "105"]
[EventDate "2016.01.24"]
[SourceDate "2016.01.24"]

1. f4 d5 2. Nf3 c5 3. e3 Nc6 4. Bb5 Bd7 5. Bxc6 Bxc6 6. b3 Nf6 7. Bb2 e6 8. O-O
Bd6 9. Ne5 O-O 10. d3 Be8 11. Rf3 Rc8 12. Rg3 g6 13. Nd2 b5 14. c4 bxc4 15.
dxc4 Bxe5 16. Bxe5 Nd7 17. Bd6 {
et maintenant avec la qualitée d'avance Eric va être intraitable} Nf6 18. Bxf8
Kxf8 19. Qc2 Nh5 20. Rh3 d4 21. Rxh5 {pour casser tout chez les noirs !} (21.
Rd1 dxe3 22. Nf1) 21... d3 22. Qc3 gxh5 23. Qh8+ Ke7 24. Ne4 Bc6 25. Qf6+ Ke8
26. Qxd8+ Rxd8 27. Nxc5 Ke7 28. Rd1 d2 29. Kf2 Rg8 30. g3 h4 31. Rxd2 hxg3+ 32.
hxg3 Rg6 33. Nd3 Rh6 34. Ne5 Rh2+ 35. Ke1 Rh1+ 36. Ke2 Rh2+ 37. Kd3 Be4+ {
une arnaque !!} 38. Kc3 (38. Kxe4) 38... Rh3 39. Rd7+ Ke8 40. Rxf7 {
la messe est dite comme on dit chez nous !} Rxg3 41. Kd4 Bf5 42. Rxa7 h5 43. e4
Bg4 44. Nxg4 hxg4 45. Ke5 Rg1 46. Kxe6 Kd8 47. f5 g3 48. Rg7 g2 49. f6 Re1 50.
Rxg2 Rxe4+ 51. Kf7 Rd4 52. Kg8 Rf4 53. f7 {Encore une partie sérieuse d'Eric
contre un Dédé qui peu être surprenant malgré son age} 1-0

[Event "N4 Blagny / Tour du Roy"]
[Site "?"]
[Date "2016.01.24"]
[Round "2.1"]
[White "Halfaoui, Eddine"]
[Black "Monaville, Guy"]
[Result "0-1"]
[WhiteElo "2006"]
[BlackElo "2068"]
[Annotator ",Marc"]
[PlyCount "118"]
[EventDate "2016.01.24"]
[SourceDate "2016.01.24"]

1. d4 d6 2. Nf3 Bg4 3. e3 Nd7 4. Be2 c6 5. O-O Ngf6 6. c4 e5 7. Nc3 Be7 8. Qc2
O-O 9. Rd1 Qc7 10. b3 Rfe8 11. Bb2 Rad8 12. Rac1 Qb8 13. Ng5 Bxe2 14. Qxe2 h6
15. Nge4 Nxe4 {Guy à proposé nul - Eddine refuse car Dédé lui à dit de jouer}
16. Nxe4 Nf6 17. Ng3 Bf8 18. Qf3 e4 19. Qe2 d5 20. c5 g6 21. b4 a6 22. a4 h5
23. b5 axb5 24. axb5 Qc8 25. bxc6 bxc6 26. Ra1 Qe6 27. Ra7 Rc8 28. Bc3 h4 29.
Nf1 h3 30. Ng3 hxg2 31. Kxg2 Kg7 32. Rh1 Be7 33. f4 exf3+ 34. Qxf3 Ra8 35. Rxa8
Rxa8 36. Rf1 Rh8 (36... Ng4 37. Re1 Ra2+ 38. Re2 Nxe3+ 39. Kh1 Rxe2 40. Qxe2
Bh4) 37. Kg1 Ng4 38. Qf4 {Guy est gagnant maintenant} (38. h3 Qxe3+ 39. Kg2
Qxf3+ 40. Rxf3 Nf6) 38... Qxe3+ (38... Rh4 39. Rb1 Nxh2 {une petite arnaque !})
39. Qxe3 Nxe3 40. Re1 Bg5 41. Ra1 Rb8 42. Ne2 Bf6 43. Kf2 Re8 44. h3 Nf5 (44...
Bh4+ 45. Kf3 Nc2 46. Ra7 Re3+ {rafle tout !} 47. Kg4 Bf2 48. Bb2 Rxe2) 45. Ra6
Ne7 46. Nf4 Rh8 47. Kg2 Rh4 48. Ne2 Rh8 49. Ra7 Rb8 50. Rc7 Rc8 51. Ra7 Nf5 52.
Nf4 Re8 53. Ra6 Bxd4 54. Bb4 Rb8 (54... Re4 55. Bd2 Be5) 55. Nd3 Ne3+ 56. Kf3
Nc2 57. Bd2 Bf6 58. Bf4 Rb3 59. Ke2 Rxd3 {Encore une belle technique de Guy
qui prouve que malgré son age il a le NIVEAU !!!} 0-1

[Event "N4 Blagny / Tour du Roy"]
[Site "?"]
[Date "2016.01.24"]
[Round "2.4"]
[White "Chebridon, Jean Louis"]
[Black "Fauchart, Francois"]
[Result "1-0"]
[WhiteElo "1620"]
[BlackElo "1686"]
[PlyCount "113"]
[EventDate "2016.01.24"]
[SourceDate "2016.01.24"]

1. b3 d5 2. Bb2 Nc6 3. e3 e5 4. Nf3 Bd6 5. c4 Nf6 6. cxd5 Nxd5 7. Bc4 Nb6 8.
Be2 O-O 9. d3 Re8 10. Nbd2 Bf5 11. O-O a6 12. e4 Bg4 13. Nc4 Nxc4 14. dxc4 Bb4
15. Qd5 Bxf3 16. Bxf3 Qg5 17. Qd1 Rad8 18. Bc1 Rxd1 (18... Qf6 19. Qc2 Nd4 {
et un peu d'ennui pour Jean Louis}) 19. Bxg5 Rxf1+ 20. Kxf1 f6 21. Be3 Rd8 22.
Rd1 Rxd1+ 23. Bxd1 {maintenant on est dans la techinique une finale fous
contre fou et cavalier ! trés interressante} b6 24. Bg4 Kf7 25. Bd7 Nd8 26. Ke2
Ke7 27. Bg4 Kd6 28. Kd3 Bc5 29. f4 (29. Bxc5+ {possible mais dans ce cas les
noirs mettent leurs pions sur couleurs inverse du fou et ne craignent plus
rien !! Jean Louis l'a bien compris et n'égange pas}) 29... Nc6 30. Bd2 Bg1 31.
h3 Bh2 32. f5 Bf4 33. Bc3 Bc1 34. Bh5 Ke7 35. b4 Ba3 36. b5 axb5 37. cxb5 Na7
38. Kc4 {le roi des blancs est beaucoup plus actif cela va payer} Nc8 39. Kd5
Kd7 40. Be2 Ne7+ 41. Kc4 g6 42. g4 gxf5 43. gxf5 Ke8 44. Bd2 Kf7 45. Bh5+ Kg7
46. Be8 Nc8 47. Kd5 Kf8 48. Bd7 Ne7+ 49. Ke6 {les noirs craquent} Kg7 50. Be8
Bd6 51. a4 (51. Be3 Kf8 52. Bh5 Ng8 53. Bxb6 {et c'est CUIT}) 51... Nc8 52. a5
Bc5 53. a6 Na7 54. Be1 Kf8 55. Bd7 Kg7 56. Bh4 Bd6 57. Bxf6+ {
trés belle finale d'un GRAND Jean Louis} 1-0

[Event "N4 Blagny / Tour du Roy"]
[Site "?"]
[Date "2016.01.24"]
[Round "2.3"]
[White "Leclere, Jean Yves"]
[Black "Hanot, Wilfried"]
[Result "1-0"]
[WhiteElo "1728"]
[BlackElo "1792"]
[PlyCount "92"]
[EventDate "2016.01.24"]
[SourceDate "2016.01.24"]

1. e4 d6 2. d4 Nf6 3. f3 g6 (3... c5 {peu être réagir tout de suite par C5!} 4.
dxc5 Qa5+ 5. Nc3 Qxc5) 4. c4 Bg7 5. Nc3 O-O {
les blancs ont le centre cela va être dur pour Willou d'égaliser} 6. Nge2 Nbd7
7. Ng3 c5 8. Be3 a6 9. Be2 b6 10. O-O cxd4 11. Bxd4 Nc5 12. Nd5 Nxd5 13. cxd5
e5 {trop de faiblesse dans ta structure Willou : d6 arrièré et coté a6 ou b6
cela sera chaud} (13... Bxd4+ 14. Qxd4 Bd7) 14. Be3 f5 15. exf5 Bxf5 16. b4 Nd7
17. Rc1 Qb8 (17... a5 18. bxa5 Rxa5 19. Rc6 Rxa2 20. Nxf5 gxf5 21. Rxd6) 18.
Qd2 Rc8 19. Nxf5 gxf5 20. Bd3 f4 21. Bf2 Rxc1 22. Rxc1 Qd8 23. Qc2 h6 24. Bf5 {
c'est trop chaud cela craque pour toi Willou} Nf6 25. Be6+ Kh8 26. a4 (26. Qg6
b5 27. Qf7 Qf8 28. Qb7 {et la tour va rentrer}) 26... a5 27. b5 Rb8 28. Qg6 Qe8
29. Qd3 (29. Qxe8+ Nxe8 30. Rc6 Bf6 31. Bxb6) 29... Nd7 30. Bxd7 Qxd7 31. Qc4
Bf6 32. Qc7 Qxc7 33. Rxc7 Bd8 34. Rc6 Kg7 35. Rxd6 Rc8 36. Rc6 Rb8 37. g3 fxg3
38. hxg3 h5 39. Kf1 Rb7 40. Ke2 Rd7 41. d6 Rb7 42. Kd3 Kf6 43. Ke4 Ke6 44. Be3
Rb8 45. f4 exf4 46. Bxf4 h4 {Bon pas grave Willou je vais te préparer des
parties sur e4 et une bnne sicilienne} 1-0

[Event "N4 Blagny / Tour du Roy"]
[Site "?"]
[Date "2016.01.24"]
[Round "2.5"]
[White "Mondeel, Paul"]
[Black "Fourcart, Marc"]
[Result "0-1"]
[WhiteElo "1533"]
[BlackElo "1696"]
[PlyCount "124"]
[EventDate "2016.01.24"]
[SourceDate "2016.01.24"]

1. e4 {j'avais regardé un peu (pas beaucoup car il jouais souvent CF3..) ce
que ce joueur pouvais joué et vu leur Elo je pouvais avoir 4 autres joueurs
donc...!} c5 {je dois gagner donc sicilienne} 2. c3 {
version alapine de la sicilienne c'est un peu chiant} d5 {le coup : c3 empêche
le dévellopement du cavalier donc il faut jouer tout de suite : D5} 3. exd5
Qxd5 4. c4 Qd8 {pas de risque inutile} 5. Nf3 Nc6 {tout pour empêcher d4} 6.
Be2 Nf6 7. O-O g6 8. b3 Bg7 9. Bb2 O-O 10. Nc3 Bf5 {
avec l'idée Cb4 et prendre la bonne case d3} 11. d3 {
bon !! le fou blanc ne joue plus} Nb4 12. Ne1 Qd7 13. a3 Nc6 14. Nf3 b6 15. Nh4
Rad8 {sans risque j'améliore ma position} (15... Bg4 16. f3 Qd4+ 17. Rf2 Bd7
18. f4 {possible}) 16. Nxf5 Qxf5 17. g4 {j'avais analyser ce coup interressant
pour les blancs et c'est ce que j'aurais joué} Qd7 (17... Qe5) 18. Bf3 {
il craque} Nd4 (18... Ne5) 19. g5 Nxf3+ {simplifie la position} (19... Qf5 20.
gxf6 (20. Bg2 Qxg5) 20... Nxf3+ 21. Kh1 Qh3 {
et je gagnais la dame s'il tombait dans le piège}) 20. Qxf3 Qg4+ 21. Qg3 Qxg3+
22. fxg3 Ng4 {maintenant un peu de technique si je "merde" pas je gagne} 23.
Nd1 Rxd3 24. Bxg7 Kxg7 25. b4 Rb8 (25... Ne5 26. bxc5 bxc5) 26. Re1 Rbd8 27.
bxc5 bxc5 28. Nb2 Re3 (28... Rd2 29. Na4 {j'aimais pas}) 29. Na4 Rd2 30. Nxc5
Rxe1+ 31. Rxe1 Nxh2 32. Rxe7 Nf3+ 33. Kf1 Nxg5 34. Rxa7 Rc2 {
et une finale comme je les aiment !} 35. Ra4 Rc3 {bloque tout} 36. Nb7 Rxg3 37.
c5 Rc3 (37... Ne6) 38. Ra6 Ne6 39. c6 h5 40. a4 h4 41. Nd6 g5 (41... h3 42. Kg1
Ng5) 42. a5 Rc2 43. Rb6 h3 44. Kg1 g4 45. c7 {tente une "arnaque" si Txc7} Nxc7
(45... Rxc7 46. Ne8+ Kf8 47. Nxc7 Nxc7 48. Rb4 f5 49. Rf4 Kg7) 46. Rb1 Kg6 47.
Ra1 Na6 (47... f5) 48. Rb1 Ra2 49. Nb7 Kg5 (49... g3) 50. Nd6 Rxa5 51. Nxf7+
Kh4 52. Nd6 Rd5 53. Ne4 Rd4 54. Re1 Nc7 55. Kh2 Nd5 56. Re2 Nf4 57. Re1 Ra4 {
je voyais des "tours folles" partout et le forcage du nul alors qu'il n'y a
rien ....} 58. Re3 Ra2+ (58... Rxe4 {j'ai réflechis plusieurs minutes sur ce
coup que je pensais gagnant mais comme on était en interclubs je ne l'ai pas
osé , en individuel je l'aurais tenté} 59. Rxe4 g3+ (59... Nh5 60. Rc4 {
et il fallait essayer de trouver un plan pour ammener le cavalier correctement
pas facile} Nf6 61. Rb4 Nd7 62. Re4) 60. Kg1 Kg4 (60... h2+ 61. Kh1 Kh3 62. Re2
{et nul !!!}) 61. Re8 Kf3 62. Rg8 (62. Rf8)) 59. Kh1 Rg2 (59... Ne2 60. Rc3
Nxc3 61. Nxc3 {et l'ordi annonce seulement mat en 57 coups !!!!} Rc2) 60. Nf6
g3 61. Ne4 Rh2+ 62. Kg1 Ne2+ {bon le gain mais j'aurais pu faire plus simple ..
.peu être le stress d''être Obligé de gagner} 0-1